000 00286nam a22001337a 4500
003 SGT
082 _a615.532
_bG16C
100 _aCLOSE, STUART
245 _aTHE GENIUS OF HOMOEOPATHY
260 _aINDIA
_bB. JAIN PUB
_c2016
300 _a280
650 _aHOMEOPATHIC
942 _2ddc
_cBK
999 _c20377
_d20377